LEADER 02952nam 2200577 450 001 9910459815303321 005 20200520144314.0 010 $a0-19-935796-X 010 $a0-19-935795-1 035 $a(CKB)3710000000238154 035 $a(EBL)1784101 035 $a(OCoLC)890981589 035 $a(SSID)ssj0001332605 035 $a(PQKBManifestationID)12575593 035 $a(PQKBTitleCode)TC0001332605 035 $a(PQKBWorkID)11376796 035 $a(PQKB)11762668 035 $a(MiAaPQ)EBC1784101 035 $a(Au-PeEL)EBL1784101 035 $a(CaPaEBR)ebr10929653 035 $a(CaONFJC)MIL643717 035 $a(EXLCZ)993710000000238154 100 $a20140920h20142014 uy 0 101 0 $aeng 135 $aur|n|---||||| 181 $ctxt 182 $cc 183 $acr 200 10$aClausewitz $ehis life and work /$fDonald Stoker 210 1$aOxford, [England] ;$aNew York, New York :$cOxford University Press,$d2014. 210 4$d©2014 215 $a1 online resource (283 p.) 300 $aDescription based upon print version of record. 311 $a1-322-12466-3 311 $a0-19-935794-3 320 $aIncludes bibliographical references and index. 327 $aTitle Page; Copyright Page; Dedication; Contents; List of Illustrations; Acknowledgments; Abbreviations Used in the Notes; Author's Note; Introduction: The Point of It All; 1. Boy Soldier (1780-1795); 2. The Ambitious Student of War (1795-1805); 3. Clausewitz at War: The 1806 Campaign; 4. A Political Education (1807-1812); 5. War and Words: The Campaign of 1812; 6. The Road to Tauroggen (1812); 7. 1813: War, Uprising, and Armistice; 8. 1813: Leipzig, Go?hrde, and the Stecknitz; 9. Clausewitz and the Fall of Napoleon (1813-1814); 10. 1815: The Waterloo Campaign 327 $a11. The Sum of It All (1815-1831)Conclusion: Clausewitz's Legacy; Appendix: Clausewitz's Battles; Notes; Select Bibliography; Index 330 $aCarl von Clausewitz's masterwork, On War, is generally considered the greatest text on military theory ever written. Clausewitz is a touchstone for the field today, and is read by scholars, students, and military personnel around the world. And yet to Clausewitz himself, far more important than achieving recognition for his scholarly and theoretical contributions was achieving glory on the field of battle-winning renown not with his pen but with his sword. Military historian Donald Stoker's perceptive biography of Carl von Clausewitz moves skillfully between Clausewitz's career as a soldier an 606 $aNapoleonic Wars, 1800-1815$xCampaigns$zRussia$vBiography 608 $aElectronic books. 615 0$aNapoleonic Wars, 1800-1815$xCampaigns 676 $a355.02092 700 $aStoker$b Donald J.$0475880 801 0$bMiAaPQ 801 1$bMiAaPQ 801 2$bMiAaPQ 906 $aBOOK 912 $a9910459815303321 996 $aClausewitz$91895229 997 $aUNINA LEADER 01195nam0 2200265 450 001 000037437 005 20250307104633.0 100 $a20250307d1964----km-y0itay50------ba 101 0 $aita 102 $aIT 105 $ay-------001yy 200 1 $a<>economia di azienda e i suoi strumenti di indagine$escritture doppie in imprese mercantili, industriali, bancarie$fNapoleone Rossi 210 $aTorino$cUtet$e1964 215 $aXIX, 722 p.$c[2] c. di tav. ripieg.$d24 cm 225 2 $aIstituto universitario di Venezia, Facoltą di economia e commercio, Laboratorio di economia aziendale e di ragioneria$v3 410 0$12001$aIstituto universitario di Venezia, Facoltą di economia e commercio, Laboratorio di economia aziendale e di ragioneria 500 10$a<>economia di azienda e i suoi strumenti di indagine$9428736 610 1 $aEconomia aziendale$ascritture doppie 676 $a657$v23$9Contabilitą, ragioneria 700 1$aRossi,$bNapoleone$0108327 801 0$aIT$bUNIPARTHENOPE$c20250307$gREICAT$2UNIMARC 912 $a000037437 951 $aDISAE 512/417$b1246 ex St.Az.$cNAVA2 996 $aEconomia di azienda e i suoi strumenti di indagine$9428736 997 $aUNIPARTHENOPE